|
|
|
|
| LEADER |
00000nam a2200000 a 4500 |
| 001 |
vtls010574315 |
| 003 |
SK-MaSNL |
| 005 |
20260301034531.0 |
| 008 |
240313s1914 xo o g 000 0 hun |
| 015 |
|
|
|a SNBA1914
|
| 040 |
|
|
|a SNK
|b slo
|c SNK
|e AACR2
|
| 041 |
0 |
|
|a hun
|
| 044 |
|
|
|a xo
|c SK
|
| 080 |
|
|
|a 069:373(437.6)(083.8)=945.11
|2 1981
|
| 100 |
1 |
|
|a Kiss Kolos, Jenö
|4 aut
|9 335606
|
| 245 |
1 |
0 |
|a Casa Pompeiana
|c Irta: Kiss Kolos Jenő Főgimn. Igazgató
|
| 260 |
|
|
|a Rozsnyó
|b Nyomatott A Sajó Vidék Könyvnyomda
|c [1914]
|
| 300 |
|
|
|a 35 s.
|b fotogr.
|c 8°
|
| 525 |
|
|
|a Külön lenyomat a rozsnyói kath. főgimnázium 1913-14. évi Értsitő-jéből
|
| 610 |
2 |
7 |
|a Katolícke gymnázium (Rožňava, Slovensko)
|2 SNKKA
|9 335607
|
| 650 |
0 |
7 |
|a umelecké zbierky
|2 SNKPH
|9 2982
|
| 650 |
0 |
7 |
|a historické zbierky
|2 SNKPH
|9 335608
|
| 655 |
|
7 |
|a turistickí sprievodcovia (publikácie)
|2 SNKPH
|9 191298
|
| 710 |
2 |
|
|a Sajó Vidék (Rožňava, Slovensko),
|d 1898-1944
|4 prt
|9 166522
|
| 752 |
|
|
|a Slovensko
|d Rožňava
|
| 852 |
|
|
|a SNK
|p SB 23860
|
| 958 |
|
|
|a ONDV
|
| 999 |
|
|
|c 582004
|d 583934
|
| 952 |
|
|
|a SNK
|b SNK
|y PREZ
|7 0
|p 17A0941917
|o snkSB 23860
|i snkF 2119/1976
|8 5
|0 0
|1 0
|4 0
|d 2014-02-05
|f 1
|l 0
|r 2025-03-27 00:00:00
|w 2026-02-23
|